LEADER 01107cam0 2200265 450 001 E600200064966 005 20100621091105.0 100 $a20100621d1972 |||||ita|0103 ba 101 $aita 102 $aIT 200 1 $aLex indita e lex scripta: la dottrina della legge divina positiva (lex nova) secondo San Tommaso D'Aquino$fFrancesco D'Agostino 210 $aMilano$cGiuffrè$d1972 215 $ap. 404-415$d24 cm 300 $a(mm) 300 $aEstr. da: Atti del Congresso internazionale di diritto canonico, La Chiesa dopo il Concilio, 2.1, Comunicazioni 700 1$aD[']Agostino$b, Francesco$3AF00009128$4070$039796 801 0$aIT$bUNISOB$c20100621$gRICA 850 $aUNISOB 852 $aUNISOB$jFondo|Casavola|Opusc$m151026 912 $aE600200064966 940 $aM 102 Monografia moderna SBN 941 $aM 957 $b864$gSi$d151026$hCasavola$rdono$1menle$2UNISOB$3UNISOB$420100621091107.0$520100621091159.0$6menle$aFondo|Casavola|Opusc 996 $aLex indita e lex scripta: la dottrina della legge divina positiva (lex nova) secondo San Tommaso D'Aquino$91702192 997 $aUNISOB